000 00687nam a2200205 a 4500
005 20230315063552.0
008 010625s1998 r 000 0 eng d
020 _a8441505829
035 _aUPN01000108964
049 _aCG
050 4 _aQA76.9 A2.5
_bK4.2
100 1 _aKlander, Lars
245 1 0 _aA prueba de hackers /
_cLars Klander ; tr. Carlos Anaya Alvarez.
260 _aMadrid :
_bAnaya Multimedia,
_c1998.
300 _a569 p. :
_bil. +
_e1 CD-ROM, 4 3/4 plg.
534 _pTraducción de:
_tHacker proof : the ultimate guide to network security
650 4 _aSEGURIDAD EN COMPUTADORAS
_915180
650 2 _aRedes de computadoras
_xMedidas de seguridad
_97973
905 _aLibro
999 _c82875
_d82875